000 00461nam a2200193Ia 4500
003 GCL
008 140319s9999 xx 000 0 eng d
040 _aGCL /
_cGCL
082 0 4 _a708.4
_bC M
100 1 _aCOSTA , VANINA
245 1 0 _aMUSEE D'ORSAY /
_cCOSTA , VANINA
260 _a[S.N] :
_bEDITION SCALA ،
_c1994
300 _a125 P
650 0 4 _aMUSEUMS
650 0 4 _aDRAWING
650 0 4 _aPAINTING
650 0 4 _aFRANCE - MUSEUMS
942 _2ddc
_cBK
999 _c16184
_d16184